| 000 | 00359nam a22001457a 4500 | ||
|---|---|---|---|
| 003 | ASAB | ||
| 005 | 20180827062641.0 | ||
| 008 | 160620t xxu||||| |||| 00| 0 eng d | ||
| 020 | _a978-969-562-350-3 | ||
| 040 | _cASAB | ||
| 100 |
_aDr. Nadeem shafiq Malik _91943 |
||
| 245 | _aAllama iqbal k chan nadir nayab khtoot | ||
| 300 | _a384 p. | ||
| 942 |
_2ddc _cBK |
||
| 999 |
_c480130 _d480130 |
||